Certain Things - James Arthur Feat. Chasing Grace - All Lyrics - Statistics

General Stats
  • This quiz has been taken 38 times
  • The average score is 227 of 283
Answer Stats
Answer % Correct
about
100%
addiction
100%
an
100%
I
100%
(I
100%
It’s
100%
like
100%
so
100%
Something
100%
something
100%
you
100%
you,
100%
you)
100%
your
100%
and
93%
And
93%
certain
93%
Certain
93%
(Certain
93%
(Certain)
93%
me
93%
oh
93%
(Oh,
93%
the
93%
things
93%
adore
86%
adore)
86%
doubt
86%
got
86%
Hit
86%
I'm
86%
(I'm
86%
I’ve
86%
keep
86%
Keep
86%
no
86%
on
86%
only
86%
reason
86%
that
86%
there's
86%
There's
86%
(There's
86%
to
86%
yours
86%
yours)
86%
again
79%
angry,
79%
back,
79%
back
79%
best
79%
But
79%
coming
79%
get
79%
honey
79%
my
79%
shot,
79%
with
79%
you’re
79%
you're
79%
shoulder
71%
turn
71%
when
71%
'Cause
64%
‘Cause
64%
head
64%
ignore
64%
'round,
64%
'round
64%
virtue
64%
am
57%
life,
57%
running
57%
for
50%
hanging
50%
have
50%
mercy,
50%
virtually
50%
we
50%
held
43%
hurt,
43%
tight
43%
we’re
43%
dear
36%
(Let's
36%
let's
36%
Let's
36%
mend
36%
them,
36%
them)
36%
them
36%
at
29%
us
29%
No matching quizzes found
Score Distribution
Percent of People with Each Score
Percentile by Number Answered
Your Score History
You have not taken this quiz